|
|
|
|
| LEADER |
00000naa2a2200000 4500 |
| 001 |
431733 |
| 005 |
20231101075414.0 |
| 035 |
|
|
|a (RuTPU)RU\TPU\prd\91895
|
| 035 |
|
|
|a RU\TPU\prd\30865
|
| 090 |
|
|
|a 431733
|
| 100 |
|
|
|a 20101202a2004 k y0rusy50 ca
|
| 101 |
0 |
|
|a rus
|
| 102 |
|
|
|a RU
|
| 200 |
1 |
|
|a Магнитные свойства немагнитных металлов со случайно распределенными парамагнитными примесямми
|f Е. З. Мейлихов
|
| 225 |
1 |
|
|a Твердые тела
|e Структура
|
| 320 |
|
|
|a Библиогр.: 17 назв.
|
| 461 |
|
1 |
|0 (RuTPU)RU\TPU\prd\1443
|x 0044-4510
|t Журнал экспериментальной и теоретической физики
|l ЖЭТФ
|f Российская академия наук (РАН) ; Отделение физических наук РАН
|d 1931-
|
| 463 |
|
1 |
|0 (RuTPU)RU\TPU\prd\91885
|t Т. 125, вып. 6
|v с. 1329-1339
|d 2004
|
| 610 |
1 |
|
|a неупорядоченные системы
|
| 610 |
1 |
|
|a РККИ-взаимодействия
|
| 610 |
1 |
|
|a случайные магнитные поля
|
| 610 |
1 |
|
|a немагнитные металлы
|
| 610 |
1 |
|
|a парамагнитные примеси
|
| 610 |
1 |
|
|a физические свойства композитов
|
| 700 |
|
1 |
|a Мейлихов
|b Е. З.
|
| 801 |
|
1 |
|a RU
|b 63413507
|c 20041208
|g PSBO
|
| 801 |
|
2 |
|a RU
|b 63413507
|c 20101202
|g RCR
|
| 942 |
|
|
|c BK
|